| 000 | 00605nam a2200193 a 4500 | ||
|---|---|---|---|
| 005 | 20210219152830.0 | ||
| 008 | 991125n 000 0 spa u | ||
| 035 | _aUPN01000062702 | ||
| 100 | _aENRIQUEZ GUTIERREZ, Gustavo Adolfo | ||
| 222 | _aREVISTA MEXICANA DE PEDAGOGIA | ||
| 245 | _aUn acercamiento a la institucionalización escolar desde la perspectiva de P. Berger y T. Luckman | ||
| 300 | _a9-14 | ||
| 362 | _a1996 AƱo 7, no. 32, nov.-dic. | ||
| 653 | 0 | _aADMINISTRACION EDUCATIVA | |
| 653 | 0 | _aESCUELA | |
| 653 | 0 | _aINSTITUCIONES EDUCATIVAS | |
| 904 |
_aAC _b000513 |
||
| 905 | _aArticulo | ||
| 999 |
_c61824 _d61824 |
||